书目信息 |
| 题名: |
全球风云九十年
|
|
| 作者: | 张镇强 主编 | |
| 分册: | ||
| 出版信息: | 北京 中国文史出版社 1991.03 |
|
| 页数: | 472页 | |
| 开本: | 19cm | |
| 丛书名: | ||
| 单 册: | ||
| 中图分类: | D55 | |
| 科图分类: | ||
| 主题词: | 政治事件--世界 , 政治事件 | |
| 电子资源: | ||
| ISBN: | 7-5034-0335-7 | |
| 000 | 00576nam0 2200205 45 | |
| 001 | 0404211021 | |
| 005 | 20050328162401.2 | |
| 010 | @a7-5034-0335-7@dCNY5.70 | |
| 100 | @a20040421d1991 km y0chiy0120 ea | |
| 101 | 0 | @achi |
| 105 | @a z 000yy | |
| 200 | 1 | @a全球风云九十年@AQuan Qiu Feng Yun Jiu Shi Nian@f张镇强主编@FZhang ZhenQiang Zhu Bian |
| 210 | @a北京@c中国文史出版社@d1991.03 | |
| 215 | @a472页@d19cm | |
| 606 | 0 | @a政治事件@x世界 |
| 606 | 0 | @a政治事件 |
| 690 | @aD55@v3 | |
| 701 | 0 | @a张镇强@4主编 |
| 801 | @aCN@bPftUser@c20040421 | |
| 905 | @dD55@e54@f1@b224475 | |
| 全球风云九十年/张镇强主编.-北京:中国文史出版社,1991.03 |
| 472页;19cm |
| ISBN 7-5034-0335-7:CNY5.70 |
| ● |
| 相关链接 |
|
|
|
|
正题名:全球风云九十年
索取号:D55/54
 
预约/预借
| 序号 | 登录号 | 条形码 | 馆藏地/架位号 | 状态 | 备注 |
| 1 | 0224470 | 000484292 | 密集书库/ [索取号:D55/54] | 在馆 | |
| 2 | 0224471 | 000484309 | 密集书库/ [索取号:D55/54] | 在馆 | |
| 3 | 0224472 | 001111086 | 密集书库/ [索取号:D55/54] | 在馆 | |
| 4 | 0224473 | 000484283 | 密集书库/ [索取号:D55/54] | 在馆 | |
| 5 | 0224474 | 000484318 | 密集书库/ [索取号:D55/54] | 在馆 | |
| 6 | 0224475 | 002031036 | 密集书库/ [索取号:D55/54] | 在馆 | |
| 7 | 0224476 | 001111077 | 第一样本阅览室/ [索取号:D55/54] | 在馆 |